Statistiques concernant Culture Générale - Série 1272

Cliquez ici pour prendre le quiz!

Statistiques générales

  • Ce quiz a été pris 31 fois
  • Le résultat moyen est 3 sur 10

Statistiques - réponses

Question Réponse % Correct
Quel humoriste a fondé en 1985 les Restos du Coeur ?Coluche
96%
Quelle coiffure de laine souple, ronde et plate, sans bord, était porté à l'origine par les Béarnais, les Gascons et les Basques ?béret
89%
Dans le film de Bertrand Blier “Les Valseuses”, quel comédien incarne Pierrot ?Patrick Dewaere
57%
De quel film d'animation, sorti en 1998, la fourmi "Z" est-elle l'héroïne ?Fourmiz
43%
Quel est le nom du camp militaire breton, qui abrite l'École spéciale militaire de Saint-Cyr ?Coëtquidan
18%
Quel animal est "L'Impossible Monsieur Bébé”, dans le film du même nom de Howard Hawks ?léopard
14%
Quel auteur publie, en 1936, “Le Journal d'un curé de campagne” ?Georges Bernanos
11%
A quel réalisateur doit-on "Le Vieux Fusil", en 1975 ?Robert Enrico
11%
À quel cinéaste doit-on “Ma nuit chez Maud” en 1969 ?Éric Rohmer
4%
Quel groupe de rock français Jean-Luc Godard fait-il tourner dans le film “Soigne ta droite”, en 1987 ?Rita Mitsouko
0%

Distribution des résultats

Percentile par nombre de réponses

% des personnes avec chaque résultat

Votre développement - résultats

Vous n’avez pas pris ce quiz